Formularios de sociedades civiles, comunidades, asociaciones y cooperativas : (con criterios jurisprudenciales) / Germán Fabra Valle (con criterios jurisprudenciales) / Germán Fabra Valle
ISBN:
84-86799-33-3
Descripción Física:
536 p. ; 22 cm
MARC
| LEADER | 00000nam a2200000Ia 4500 | ||
|---|---|---|---|
| 001 | 18357 | ||
| 008 | 160829s1993 xx 000 0 cat d | ||
| 020 | |a 84-86799-33-3 | ||
| 080 | |a D-3-131 | ||
| 100 | |a Fabre Valle, Germán |9 23291 | ||
| 245 | |a Formularios de sociedades civiles, comunidades, asociaciones y cooperativas : |b (con criterios jurisprudenciales) / Germán Fabra Valle | ||
| 260 | |a Madrid : |b Neo Ediciones, |c 1993 | ||
| 300 | |a 536 p. ; |c 22 cm | ||
| 590 | |a Bibliografia | ||
| 650 | |a Associacions, institucions, etc. |x Espanya |x Formularis |9 23292 | ||
| 650 | |a Societats |x Espanya |x Formularis |9 23293 | ||
| 901 | |a Arxiu | ||
| 942 | |n 1 | ||
| 952 | |0 1 |1 0 |2 udc |4 0 |5 2 |6 D3131 |7 1 |9 42654 |a Arxiu |b Arxiu |d 2016-12-01 |l 0 |o D-3-131 |p 18357 |r 2016-12-01 00:00:00 |w 2016-12-01 |y ARXIU | ||
| 999 | |c 45160 |d 45160 | ||